000 00562nam a2200145 i 4500
001 184387
003 ES-MaACL
005 20230906222159.0
008 150804s1894 sp |||| | spa d
110 2 _aNuestra Señora del Pilar Asociación de Maestros.
_9157182
245 1 0 _aNuestra Sra. del Pilar
_b: Asociación de maestros, directores del colegio, profesores de letras, ciencas, etc. y protectores de la enseñanza : Estatutos.
260 _aMadrid :
_b[s.n.],
_c1894 (
_fImp. de Pedro Nuñez)
300 _a32 p. ;
_c23 cm.
852 _aES-MaACL
_jT-869-F-7
999 _c184387
_d184387